000
00238nam a2200097Ia 4500
001
653766
005
20250826154504.0
008
250824s9999 xx 000 0 und d
245
0
_a
BALIK
_c
LAURA S. MATTHEWS
260
_b
GÜNIŞIĞI YAYINLARI
999
_c
653766
_d
653766